"Inter- Religious Understanding, A step for Realisation of the ideal of the world Community" (Record no. 21845)

MARC details
000 -LEADER
fixed length control field 00413nam a2200109Ia 4500
100 ## - MAIN ENTRY--AUTHOR NAME
Author name Mushir-ul-Haq
245 #0 - TITLE STATEMENT
Title "Inter- Religious Understanding, A step for Realisation of the ideal of the world Community"
500 ## - GENERAL NOTE
General note Al-Basheer the Bulletin of Christian Institute of Islamic Studies Jan - Mar 1973
650 ## - SUBJECT ADDED ENTRY--TOPICAL TERM
Topical Term Interfaith Relations and Dialogue
942 ## - ADDED ENTRY ELEMENTS (KOHA)
Koha item type Book Reviews

No items available.

                   Copyright © 2026 | Henry Martyn Institute | Hyderabad | TS-500052 | INDIA | Implemented by hmi.edu.in
Hit-Count:

Powered by Koha